Statistiques concernant Future and his feat / Future et ses feat

Cliquez ici pour prendre le quiz!

Statistiques générales

  • Ce quiz a été pris 26 fois
  • Le résultat moyen est 9 sur 45

Statistiques - réponses

Title(s)Rapper% Correct
Life Is Good / Where Ya At / Used to ThisDrake
100%
Low Life / Comin Out Strong / Double FantasyThe Weeknd
54%
Too Many Nights / Private Landing / One TimeDon Toliver
50%
Sup Mate / Relationship / Unicorn PurpYoung Thug
50%
too easy / STREET SWEEPER / FOR A NUTGunna
46%
3500 / Solitaires / First OffTravis Scott
46%
Turn Yo Clic Up / Snitching / Back Where It BeginsQuavo
38%
King's Dead / Mask Off Remix / Buy the WorldKendrick Lamar
33%
X / What's Up With That21 Savage
29%
KEEP IT BURNIN / I WonKanye West
29%
Flex Up / Pardon MeLil Yachty
29%
BEAUTIFUL / TELEKINESISSZA
29%
Teen X / Flex UpPlayboi Carti
25%
New LevelASAP Ferg
21%
LIKE ME / From Now / Live Off My ClosetLil Baby
21%
That's It / Patek / All BadLil Uzi Vert
21%
Loveeeeeee Song / SelfishRihanna
21%
Blasé / Campaign / DarksideTy Dolla Sign
21%
East Atlanta Love Letter6LACK
17%
Fine WhineASAP Rocky
17%
Shoot it Myself / CHICKENS / Lick Back RemixEST Gee
17%
After That / Love Me / Karate Chop (Remix)Lil Wayne
13%
100 Shooters / Splash Warning / Jump Out the FaceMeek Mill
13%
You Da Baddest / Sir / TransformerNicki Minaj
13%
Patek Water / BROAD DAYOffset
13%
all good / Splash Warning / too easy (Remix)Rody Ricch
13%
Never Change / PSYCHO / FULLY LOADEDTrippie Red
13%
Trap S**t / Zone 6 (Remix)Young Nudy
13%
PIE / High End / That's On YouChris Brown
8%
My Business / Amazing / Stella McCartneyNAV
8%
Move That Dope / PainPusha T
8%
No Question / Stuck Together / XoticRich The Kid
8%
No Games / Green Gucci Suit / Dead PresidentsRick Ross
8%
Favorite SongToosii
8%
Most Wanted / Tweakin / MENACEDoe Boy
4%
BluesG Herbo
4%
Hear No EvilHeadie One
4%
Keep It Low / Hard For The Next / Federal FedMoneybagg Yo
4%
Extra LuvYG
4%
Hard To Handle / Trippple Cross / Real TalkYoung Scooter
4%
Yayo / Miley CyrusFrench Montana
0%
Way Too Gone / Birds Take a BathJeezy
0%
Die For MePost Malone
0%
Rivals / Stay At HomeUSHER
0%
Drug Money / GeneralYo Gotti
0%

Distribution des résultats

Percentile par nombre de réponses

% des personnes avec chaque résultat

Votre développement - résultats

Vous n’avez pas pris ce quiz